00657nam a2200205 a 450000100060000000300080000600500170001400800410003102000270007203500190009904000210011804100080013908200280014710000320017524500760020726000380028330000260032150400660034765000380041352137BD-RjUL20211209075747.0160906s2001 bg b 001 0 eng  a9843114175c : $. 5.00 a(BD-RjUL)52257 aBD-RjUcDLCbeng aeng 223a330.95492bAKS 20011 aAkbar, Mohammad Ali,d1930-10aStabilization and the jute economy of Bangladesh /cMohammad Ali Akbar. aMirpur :bA. Kaiser Akbar,c2001. avii, 128 p. ;c25 cm. aIncludes bibliographical references (p. 120-123) and indexes. 0aEconomic conditions.zBangladesh.